000 00534nmm a2200157Ia 4500
008 251105s9999||||xx |||||||||||||||||und||
041 _aspa
100 _aMorales Vallejo, Pedro
245 0 _aLa evaluación de tareas académicas, ejercicios, actividades prácticas y trabajos de grupo
264 _a[Madrid, España] :
_bUniversidad de Deusto,
_c1995
300 _a50 páginas
490 _aAzul - Cuadernos Monográficos del ICE
650 _aEducation
856 _uhttps://public.digitaliapublishing.com/a/17873
942 _cCF
999 _c98459
_d98459